000 00463nam a22001817a 4500
003 MPLRDC
005 20220104114115.0
008 210129b ||||| |||| 00| 0 eng d
020 _a957-13-1434-X
082 _a782.886 MZD-14
100 _a李志绥
245 _a毛泽东私人医生回忆录
_c
250 _a初版七刷
260 _a
_b时报文化出版企业有限
_c1995
300 _b
650 _a毛泽东传记
942 _cBK
_o782.886 MZD-14
999 _c4864
_d4854